| 000 | 00834cam a2200229 4500 | ||
|---|---|---|---|
| 005 | 20170605135728.0 | ||
| 008 | 170605b mx ||||| |||| 00| 0 spa d | ||
| 020 | _a9686959351 | ||
| 050 | 0 | 4 |
_aP302 .84 _bV47 1995 |
| 245 | 0 | 3 |
_aEl Verbo popular : _bdiscurso e identidad en la cultura mexicana / _ced. Andrew Roth Seneff y José Lameiras. |
| 250 | _a1a ed. | ||
| 260 |
_aZamora, Mich. : _bEl Colegio de Michoacán : ITESO, _c1995 |
||
| 300 |
_a254 p. ; _c23 cm. |
||
| 504 | _aBibliografía p. 235-254 | ||
| 650 | 7 |
_2LEMB _aCultura _xAlocuciones, ensayos y conferencias |
|
| 650 | 7 |
_2LEMB _aAnálisis de los discursos _xAspectos sociales _zMéxico |
|
| 650 | 7 |
_2LEMB _aEtnicidad _zMéxico |
|
| 650 | 7 |
_2LEMB _aIdentidad colectiva _zMéxico |
|
| 700 | 1 |
_aRoth Seneff, Andrew, _eed. |
|
| 700 | 1 |
_aLameiras, José, _eed |
|
| 942 |
_2lcc _cLIB |
||
| 999 |
_c78547 _d78547 |
||